Pays dont la capitale commence par O/Q/Z - Mort Subite - Statistiques

Statistiques générales
  • Ce quiz a été pris 99 fois
  • Le résultat moyen est 5 sur 6
Answers on the Grid
Answers color-coded by a green-red scale on the quiz's grid according to % correct below.
Norvège
Canada
Burkina Faso
Mongolie
Équateur
Croatie
Soudan
Ouganda
Malte
Namibie
Philippines
Suisse
 
Statistiques - réponses
Réponse % Correct
Oslo Norvège
97%
Zagreb Croatie
94%
Ottawa Canada
93%
Oulan-Bator Mongolie
92%
Quito Équateur
85%
Ouagadougou Burkina Faso
71%
Aucun quiz correspondant
Distribution des résultats
% des personnes avec chaque résultat
Percentile par nombre de réponses
Votre historique - résultats
Vous n’avez pas pris ce quiz